Statistical hand book. (Record no. 85305)

MARC details
000 -LEADER
fixed length control field 00722cam a2200241 4500
001 - CONTROL NUMBER
control field sa 68013737
003 - CONTROL NUMBER IDENTIFIER
control field DLC
005 - DATE AND TIME OF LATEST TRANSACTION
control field 20260227112625.0
008 - FIXED-LENGTH DATA ELEMENTS--GENERAL INFORMATION
fixed length control field 691209s1967 ii a s 00000 eng
010 ## - LIBRARY OF CONGRESS CONTROL NUMBER
LC control number sa 68013737 //r862
025 ## - OVERSEAS ACQUISITION NUMBER
Overseas acquisition number PL480:I-E-10918
043 ## - GEOGRAPHIC AREA CODE
Geographic area code a-ii---
050 0# - LIBRARY OF CONGRESS CALL NUMBER
Classification number HE560.M26
Item number A45
082 ## - DEWEY DECIMAL CLASSIFICATION NUMBER
Classification number 387.1/0954/82
110 20 - MAIN ENTRY--CORPORATE NAME
Corporate name or jurisdiction name as entry element Madras Port Trust Board.
Subordinate unit Planning and Research Cell.
245 10 - TITLE STATEMENT
Title Statistical hand book.
260 0# - PUBLICATION, DISTRIBUTION, ETC.
Place of publication, distribution, etc. [Madras]
Date of publication, distribution, etc. 1967.
300 ## - PHYSICAL DESCRIPTION
Extent ii, 122 p.
Other physical details illus.
Dimensions 31 cm.
350 ## - PRICE (NR) (BK AM CF MU VM SE) [OBSOLETE]
Price 10.00
500 ## - GENERAL NOTE
General note "Issued under the authority of the chairman, Madras Port Trust."
650 #0 - SUBJECT ADDED ENTRY--TOPICAL TERM
Topical term or geographic name entry element Shipping
Geographic subdivision India
-- Madras
General subdivision Statistics.
650 #0 - SUBJECT ADDED ENTRY--TOPICAL TERM
Topical term or geographic name entry element Harbors
Geographic subdivision India
-- Madras
General subdivision Statistics.

No items available.

Powered by Koha